Quizzes
Events
Quiz Creation
Community
Videos
Private Events
Remove Ads
Sign In
Join for FREE
Feedback
Dark Mode
Quiz Categories
Sports
Geography
Music
Movies
Television
Just For Fun
Miscellaneous
History
Literature
Language
Science
Gaming
Entertainment
Religion
Holiday
For Kids
Quiz Lab
Recent
Popular Today
Quiz Kudos Today
Editor Picks
Curator Picks
Quizzes by...
Day
Popularity
Type
Ratings
Length
Year
Community
Subscriptions
Recent Discussions
Orange Saloon
Badges
Playlists
Quests
Create
Leaderboards
Showdown
Live 5
Trivia Bingo
Activity
Puzzle Library
Sporcle Events
Private Events
Virtual Trivia
Globe League
Become a Host
Pub Owners
SporcleCon
Opinionation
Our Games
Videos
Blog
Mobile Apps
Partnerships
Remove Ads and Go Orange
Feedback
Movies
Disney
Marvel Cinematic Universe
Movie Resume
Movie Titles
Oscar
Actor
Actress
Director
Pixar
Role
Movie Quotes
Movie Characters
Box Office
Nominee
Best Picture
Star Wars
James Bond
Horror Movies
Movies
Disney
Marvel Cinematic Universe
Movie Resume
Movie Titles
Oscar
Actor
Actress
Director
Pixar
Role
Movie Quotes
Movie Characters
Box Office
Nominee
Best Picture
Star Wars
James Bond
Horror Movies
Random Quiz
Search Sporcle
×
Quiz Lab
Quiz Lab
Movies
Box Office
Type in answers that appear in a list
Type in answers that appear in a list
Classic
Best Score? Go Orange.
Lowest Grossing Movies in Famous Franchises Stats
Can you name the lowest grossing movie in each of these franchises?
By
phillipjfry
6m
20 Questions
324 Plays
324 Plays
324 Plays
Comments
Comments
Give Quiz Kudos
Give Quiz Kudos
-
- Ratings
hide this ad
Forced Order
Answers have to be entered in order
Answers have to be entered in order
Random Order
Randomize order of answers
Randomize order of answers
Replay
Link that replays current quiz
Next Quiz
Link to next quiz in quiz playlist
You Got
0%
They Got
Avg Score
82%
Avg Friend Score
Upgrade to see
Score Distribution
Jump to the score distribution portion of the page
Score
0/20
Timer
06:00
0
Plays Today
Franchise
Movie
% Correct
Toy Story
Toy Story (1995)
92.6%
Ice Age
Ice Age (2002)
90.1%
Shrek
Shrek (2001)
89.8%
Rocky
Rocky V (1990)
89.2%
Spider-
Man
Spider-Man 2 (2004)
88.3%
X-
Men
X-Men (2000)
88%
Jurassic Park
Jurassic Park III (2001)
87.3%
Lord of the Rings
Lord of the Rings: The Fellowship of the Ring (2001)
85.5%
Twilight
Twilight (2007)
84.9%
Transformers
Transformers (2007)
84.6%
Franchise
Movie
% Correct
Mission: Impossible
Mission: Impossible III (2006)
84.6%
Indiana Jones
Indiana Jones and the Temple of Doom (1985)
84.3%
Batman
Batman & Robin (1997)
83.3%
Star Wars
Star Wars Episode VI: Return of the Jedi (1983)
82.4%
Superman
Superman IV: The Quest for Peace (1987)
82.1%
Harry Potter
Harry Potter and the Prisoner of Azkaban (2004)
79.9%
Pirates of the Caribbean
Pirates of the Caribbean: Curse of the Black Pearl (2003)
75.3%
The Matrix
The Matrix Revolutions (2003)
73.1%
The Fast and the Furious
The Fast and the Furious: Tokyo Drift (2006)
68.8%
James Bond
Dr. No (1962)
55.9%
Quiz Playlist
Details
Report
Send in Message
Add To Playlist
Classic:
Type in answers that appear in a list
Forced Order:
Answers have to be entered in order
Random Order:
Randomize order of answers
Last Updated: Feb 16, 2017
Quiz Scoreboard
CHALLENGE
Sign Up to Join the Scoreboard
Show All
Scores
Hide
Comments
May contain spoilers
Recently Published
Popular People in 1961
by mucciniale
History
6m
1-10 Letter E Words III
by El_Dandy
Language
2m
One Thing in Common: World Cities II
by knightlancer
Geography
7m
More to Explore
Quiz From the Vault
Featured Blog Post
Where Did the Easter Bunny Come From?
hide this ad
You Might Also Like...
Tags
Box Office Quiz
Movie Titles Quiz
Star Wars Quiz
2007
2010
least
Least Popular
Today's Top Quizzes in Movies
Browse Movies
hide this ad
Today's Top Quizzes in Box Office
Browse Box Office
Top Contributed Quizzes in Movies
1
Multi-Oscar Nominations, One Movie, One Winner
2
12 Movies about Fictional 1960s Events
3
One Thing in Common: Movies
4
Three Word 'T' Movies Match Up
5
Three Word 'H' Movies Match Up
6
Three Word 'M' Movies Match Up
7
Three Word 'L' Movies Match Up
8
Three Word 'R' Movies Match Up
9
Three Word 'S' Movies Match Up
10
Three Word 'U' & 'V' Movies Match Up
Explore More
Trending Topics
NBA
Kpop
Marvel
Anime
Harry Potter
Crossword
Disney
Pokémon
NFL
WWE
The Office
Soccer
Puzzle
Country
Song
hide this ad
More By:
phillipjfry
Quiz
Plays
Rating
Category
Featured
Created
Clickable Walt Disney World Hotels
46,728
4.18
Entertainment
Apr 3, 2012
Which South Park Kid Did This?
5,797
2.15
Television
Oct 6, 2012
Survivor: Top 10 Finishers From Every Season
4,659
4.79
Television
Apr 9, 2012
Total Drama: Top Ten Finishers by Season
3,547
5.00
Television
Jul 23, 2014
Walt Disney World Secrets 1
1,925
4.50
Entertainment
Mar 20, 2012
Go to Creator's Profile
Score Distribution
Quiz Creator Spotlight
phillipjfry
Follow
Send a Message
Quizzes Created
-
Created Quiz Play Count
-
More By This Creator
Popular Quizzes Today
1
Find the US States - No Outlines Minefield
2
The Countries of the World
3
Popular People in 1961
4
Find the Countries of Europe - No Outlines Minefield
5
1-10 Letter E Words III
6
Find the US States
7
One Thing in Common: World Cities II
8
US States
More Movies Quizzes
Horror Movies Based on True Stories
Quiz Lab
Trending Quizzes
1-10 Letter F Words
One Thing in Common: Music
1-10 Letter G Words
Risky Map Clicking: Next State Alphabetically
1-10 Letter F Words II
Recently Updated
Leaping Animals
pecheneg
Reality TV Shows (A-Z)
bhenderson79
Rickey Henderson's Hall of Fame Teammates
pecheneg
Champions League XIs: Arsenal
pecheneg
Quick Pick: Celebrities in WWE's Hall of Fame
aduchscher
A-Z Keypad Blitz II
pecheneg
Multiple Oscar Actors
pecheneg
Mystery Phrase Blitz: Oscar 'Best Actors'
pecheneg
F. Scott Fitzgerald Novels
LTH
Pick 3 Villains
ddd62291
Trending Topics
Crossword
NBA
Marvel
Kpop
Harry Potter
Disney
Anime
WWE
Soccer
Country
NFL
Song
Puzzle
The Office
Pokémon
Your Account Isn't Verified!
In order to create a playlist on Sporcle, you need to verify the email address you used during registration. Go to your
Sporcle Settings
to finish the process.
Report this User
Report this user for behavior that violates our
Community Guidelines
.
Details:
Send Report
Go to the Sporcle.com Mobile Site →
Comments